00778 2200265 4500001002100000005001500021035002000036007000300056008004100059020002200100082001100122084001700133100003500150245009200185250001100277260004200288300003700330040001000367850001000377990002500387990002500412990002500437990002500462990002500487INLIS00000000069072720190514104501 a0010-0519000142ta190514 a 0 eng  a978-979-29-5816-4 a011.62 a011.62 WAR t aWarner Bros. Entertainment Inc1 aTWEETY'S ENGLISH :bStudentBook2 /cWarner Bros. Entertainment Inc. : penerjemah,Ariata aCet. 1 aYogyakarta : :bPenerbit ANDI,c2016. a52 hlm. : :bilus ;c20 x 28 cm. IPUBAY IPUBAY a00500707/DPKBWI/2019 a00500708/DPKBWI/2019 a00500709/DPKBWI/2019 a00500710/DPKBWI/2019 a00500711/DPKBWI/2019